| 000 | 00786nam a2200229Ia 4500 | ||
|---|---|---|---|
| 008 | 191130s2007##################000#0#eng## | ||
| 020 | _a9780300135404 | ||
| 022 | _a2006586263 | ||
| 040 |
_aACL _cACL |
||
| 082 | _a720.92 HAR | ||
| 100 | _aHart, Vaughan | ||
| 245 |
_aNicholas Hawksmoor : rebuilding ancient wonders _cVaughan Hart |
||
| 260 |
_aNew Haven _bYale University Press _c2007 |
||
| 300 | _axii, 299 p. : ill. (some col.) ; 28 cm | ||
| 500 | _aIncludes bibliographical references and index | ||
| 650 | _aChurch architecture - England | ||
| 650 | _aCommission for Building Fifty New Churches in London and Westminster (Great Britain) | ||
| 650 | _aHawksmoor, Nicholas, 1661-1736 | ||
| 990 | _a62bd386bac10000c7111a303dcefa98d | ||
| 991 | _a305684 | ||
| 999 |
_c22071 _d22071 |
||